| 000 | 00471nam a22001937a 4500 | ||
|---|---|---|---|
| 003 | MPLRDC | ||
| 005 | 20220104143414.0 | ||
| 008 | 210129b ||||| |||| 00| 0 eng d | ||
| 020 | _a957-811-081-2 | ||
| 082 | _a876.6 VIG | ||
| 100 | _aPHILIPPE VIGAND | ||
| 245 |
_a我还活著 _c林舒莹译 |
||
| 250 | _a初版 | ||
| 260 |
_a _b水晶图书股份有限公司 _c1998 |
||
| 300 | _b平 | ||
| 490 | _aSHINE. 1 | ||
| 650 | _a法国文学 | ||
| 942 |
_cBK _o876.6 VIG |
||
| 999 |
_c39583 _d39573 |
||